00557 2200193 4500001002100000005001500021035002000036007000300056008003900059082000700098084001300105100002400118245011500142250001000257260004600267300002300313600001200336990001500348INLIS00000000000989220260416110006 a0010-0426000254ta260416 | | |  a51 a51 PAU p0 aPAULUS JOSHUA SANDI1 aPENGARUH PENAMBAHAN LIMBAH SERBUK KACA SEBAGAI BAHAN TAMBAHAN TERHADAP KUAT TEKAN BETON /cPAULUS JOSHUA SANDI aCet 1 aPalangka Raya :bPerpustakaan UMPR,c2023 ax, 76 hlm :bilus. 4aSKRIPSI a1851020042